Tìm hiểu trái đất và loài người
Na minha lista:
| Autor principal: | |
|---|---|
| Formato: | Livro |
| Idioma: | Undetermined |
| Publicado em: |
Hà Nội
Giáo dục
2005
|
| Assuntos: | |
| Tags: |
Adicionar Tag
Sem tags, seja o primeiro a adicionar uma tag!
|
| Thư viện lưu trữ: | Trung tâm Học liệu Trường Đại học Cần Thơ |
|---|
| LEADER | 00616nam a2200229Ia 4500 | ||
|---|---|---|---|
| 001 | CTU_104309 | ||
| 008 | 210402s9999 xx 000 0 und d | ||
| 020 | |c 17000 | ||
| 082 | |a 500 | ||
| 082 | |b D107 | ||
| 100 | |a Nguyễn, Hữu Danh | ||
| 245 | 0 | |a Tìm hiểu trái đất và loài người | |
| 245 | 0 | |c Nguyễn Hữu Danh | |
| 260 | |a Hà Nội | ||
| 260 | |b Giáo dục | ||
| 260 | |c 2005 | ||
| 526 | |a Tiến hóa | ||
| 526 | |b SP528 | ||
| 650 | |a Human,Science and life | ||
| 650 | |x Origins | ||
| 904 | |i Minh | ||
| 980 | |a Trung tâm Học liệu Trường Đại học Cần Thơ | ||